Word Ladder: Approximately Quiz Stats

Quiz Updated May 11, 2015

Challenge
Share
Tweet
Embed
Score 0/11 Timer 01:00
1 Play Today
Clue 4-Letter Word % Correct
Finishing 5th place out of 5 peopleLAST
97.8%
Throw out your line to fishCAST
94.6%
J.J. Abrams TV seriesLOST
92.2%
Be successful on a dietLOSE
89.8%
Singer Johnny or tennis player PatCASH
88.7%
Young Scottish womanLASS
86.8%
Lively partyBASH
84.1%
A fishy instrument?BASS
82.4%
Traditional knowledgeLORE
70.8%
Approximately: [First Rung] or [Last Rung]MORE
54.9%
Approximately: [First Rung] or [Last Rung]LESS
54.9%

Today's Daily Dose

Word Ladder
Summertime

On This Day
June 23rd II

You're not logged in!

Compare scores with friends on all Sporcle quizzes.
Join for Free
OR
Log In

You Might Also Like...

Show Comments

Extras

Top Quizzes Today


Score Distribution

Your Account Isn't Verified!

In order to create a playlist on Sporcle, you need to verify the email address you used during registration. Go to your Sporcle Settings to finish the process.

Report this User

Report this user for behavior that violates our Community Guidelines.

Details: